[Event "SVK-chT1W 2122"]
[Site "Slovakia"]
[Date "2022.03.20"]
[Round "6.6"]
[White "Meszaros, Nikolas"]
[Black "Viczencz, Peter"]
[Result "0-1"]
[WhiteElo "1812"]
[BlackElo "2049"]
[PlyCount "81"]
[EventDate "2021.11.06"]
[EventType "team-tourn"]
[EventRounds "11"]
[EventCountry "SVK"]
[SourceTitle "EXT 2023"]
[Source "ChessBase"]
[SourceDate "2022.10.05"]
[SourceVersion "1"]
[SourceVersionDate "2022.10.05"]
[SourceQuality "1"]
[WhiteTeam "Gabcikovo MSK"]
[BlackTeam "Komarno"]
[WhiteTeamCountry "SVK"]
[BlackTeamCountry "SVK"]

1. e4 c5 2. Nf3 e6 3. d4 cxd4 4. Nxd4 a6 5. Nc3 Qc7 6. Bd3 Nf6 7. Bg5 Be7 8. Qd2 b5 9. a3 Bb7 10. f4 d6 11. 0-0-0 Nbd7 12. Rhe1 0-0 13. h3 Rfc8 14. g4 b4 15. axb4 a5 16. bxa5 Qxa5 17. Nb3 Qa7 18. Qe3 Nc5 19. Nxc5 Rxc5 20. Kd2 h6 21. Bxf6 Bxf6 22. e5 dxe5 23. Ne4 Bxe4 24. Bxe4 exf4 25. Qf3 Rd8+ 26. Ke2 Qa6+ 27. Kf2 Qb6 28. Kg2 Qxb2 29. Qxf4 Rdc8 30. Re2 Rc3 31. Bd3 Qa3 32. Qe4 Qc5 33. Rf1 Rd8 34. Rf3 Qg5 35. Rf1 Rc5 36. Qf3 h5 37. Rh1 Rd4 38. Re4 Rf5 39. Rxd4 Rxf3 40. Rd8+ Bxd8 41. Kxf3 0-1

[Event "SVK-chT1W 2122"]
[Site "Slovakia"]
[Date "2022.02.27"]
[Round "4.4"]
[White "Dlhy, Jozef"]
[Black "Viczencz, Peter"]
[Result "1/2-1/2"]
[WhiteElo "2055"]
[BlackElo "2049"]
[PlyCount "76"]
[EventDate "2021.11.06"]
[EventType "team-tourn"]
[EventRounds "11"]
[EventCountry "SVK"]
[SourceTitle "EXT 2023"]
[Source "ChessBase"]
[SourceDate "2022.10.05"]
[SourceVersion "1"]
[SourceVersionDate "2022.10.05"]
[SourceQuality "1"]
[WhiteTeam "Nitra NSK"]
[BlackTeam "Komarno"]
[WhiteTeamCountry "SVK"]
[BlackTeamCountry "SVK"]

1. d4 Nf6 2. Nf3 d5 3. Bf4 e6 4. e3 c5 5. c3 Bd6 6. Bg3 Qc7 7. Bd3 0-0 8. Bxd6 Qxd6 9. Ne5 Nbd7 10. f4 Ne4 11. Nd2 Nxd2 12. Qxd2 f6 13. Nxd7 Bxd7 14. 0-0 e5 15. fxe5 fxe5 16. Rxf8+ Rxf8 17. Rf1 cxd4 18. Rxf8+ Qxf8 19. cxd4 Qf6 20. Qc3 exd4 21. Qxd4 Qc6 22. Kf2 a6 23. a3 Qd6 24. h4 Bc6 25. Be2 Qe6 26. Bf3 Qf5 27. Kg3 Kf7 28. Qf4 Qxf4+ 29. Kxf4 Kf6 30. g4 h6 31. g5+ hxg5+ 32. hxg5+ Ke6 33. Bg4+ Kd6 34. b4 b6 35. Be2 a5 36. Kf5 axb4 37. axb4 Be8 38. Bd3 Bf7 1/2-1/2

[Event "SVK-ch Amateur"]
[Site "Topolcany"]
[Date "2020.07.13"]
[Round "6"]
[White "Pniaczek, Marek"]
[Black "Viczencz, Peter"]
[Result "1-0"]
[WhiteElo "2102"]
[BlackElo "2153"]
[PlyCount "69"]
[EventDate "2020.07.10"]
[EventType "swiss"]
[EventRounds "7"]
[EventCountry "SVK"]
[SourceTitle "EXT 2021"]
[Source "ChessBase"]
[SourceDate "2020.10.23"]
[SourceVersion "1"]
[SourceVersionDate "2020.10.23"]
[SourceQuality "1"]

1. e4 c5 2. Nf3 Nc6 3. d4 cxd4 4. Nxd4 g6 5. c4 Bg7 6. Be3 Nf6 7. Nc3 0-0 8. Be2 d6 9. 0-0 Nxd4 10. Bxd4 Be6 11. Qd2 Rc8 12. b3 Qa5 13. Rad1 a6 14. f4 b5 15. f5 Bd7 16. Bxf6 Bxf6 17. Nd5 Qxd2 18. Nxf6+ Kg7 19. Rxd2 Kxf6 20. fxg6+ Kxg6 21. e5 bxc4 22. Bxc4 d5 23. Bxd5 Bb5 24. Rf4 Kg5 25. Rdd4 Rc1+ 26. Kf2 e6 27. h4+ Kg6 28. Rf6+ Kg7 29. Rg4+ Kh8 30. Be4 Rf1+ 31. Kg3 Rxf6 32. exf6 h6 33. Rg7 Rg8 34. Rxg8+ Kxg8 35. Kf4 1-0

[Event "SVK-ch Amateur"]
[Site "Topolcany"]
[Date "2020.07.12"]
[Round "4"]
[White "Kucera, Michal"]
[Black "Viczencz, Peter"]
[Result "0-1"]
[WhiteElo "1991"]
[BlackElo "2153"]
[PlyCount "154"]
[EventDate "2020.07.10"]
[EventType "swiss"]
[EventRounds "7"]
[EventCountry "SVK"]
[SourceTitle "EXT 2021"]
[Source "ChessBase"]
[SourceDate "2020.10.23"]
[SourceVersion "1"]
[SourceVersionDate "2020.10.23"]
[SourceQuality "1"]

1. e4 c5 2. Nf3 e6 3. d4 cxd4 4. Nxd4 a6 5. Nc3 Qc7 6. Be2 Nf6 7. a3 Be7 8. 0-0 0-0 9. Kh1 d6 10. f4 Nbd7 11. Bf3 Rb8 12. Be3 b5 13. Qe1 Nb6 14. Rd1 Bb7 15. Bc1 Rbc8 16. Qg3 Nc4 17. Rd3 Kh8 18. b3 Nb6 19. Bb2 Rg8 20. Rd2 Qc5 21. Rfd1 Rcd8 22. e5 Nfd5 23. Ne4 Qc7 24. exd6 Bxd6 25. Nxd6 Qxd6 26. Ne2 Qe7 27. Be4 f5 28. Bd3 Nf6 29. Qf2 Nbd5 30. h3 b4 31. axb4 Nxb4 32. Ng3 Nxd3 33. Rxd3 Rxd3 34. Rxd3 Qc7 35. Be5 Qc6 36. Rd6 Qc8 37. c4 Rd8 38. Qd4 Rxd6 39. Qxd6 Kg8 40. Qb8 Qxb8 41. Bxb8 Kf7 42. Kg1 Ke7 43. Kf2 Nd7 44. Ba7 Kd6 45. Bd4 g6 46. Ne2 Nc5 47. Be5+ Kd7 48. Nd4 Nd3+ 49. Kf1 g5 50. g3 gxf4 51. gxf4 h5 52. h4 a5 53. Ke2 Be4 54. Ke3 Ne1 55. Kf2 Ng2 56. Kg3 Bb7 57. Bb8 Ne3 58. Kf2 Nd1+ 59. Ke1 Nc3 60. Be5 Ne4 61. Bb8 Ba6 62. Ba7 a4 63. bxa4 Bxc4 64. Bb8 Nc5 65. a5 Nb7 66. Ne2 Bxe2 67. Kxe2 Nxa5 68. Be5 Nc4 69. Bc3 Kc6 70. Kd3 Kd5 71. Bf6 e5 72. fxe5 Nxe5+ 73. Ke2 Ke4 74. Bd8 f4 75. Kf2 Ng4+ 76. Kf1 Kf3 77. Kg1 Ke2 0-1

[Event "SVK-ch Amateur"]
[Site "Topolcany"]
[Date "2020.07.12"]
[Round "5"]
[White "Viczencz, Peter"]
[Black "Nadzamova, Viktoria"]
[Result "1-0"]
[WhiteElo "2153"]
[BlackElo "2046"]
[PlyCount "101"]
[EventDate "2020.07.10"]
[EventType "swiss"]
[EventRounds "7"]
[EventCountry "SVK"]
[SourceTitle "EXT 2021"]
[Source "ChessBase"]
[SourceDate "2020.10.23"]
[SourceVersion "1"]
[SourceVersionDate "2020.10.23"]
[SourceQuality "1"]

1. e4 c5 2. Nf3 e6 3. c3 Nf6 4. e5 Nd5 5. d4 cxd4 6. cxd4 b6 7. Nc3 Nxc3 8. bxc3 Bb7 9. Bd3 Be7 10. 0-0 0-0 11. Bd2 d6 12. Re1 Nd7 13. exd6 Bxd6 14. Rb1 Rc8 15. Qc2 Bxf3 16. gxf3 Qh4 17. Re4 Qxh2+ 18. Kf1 Nf6 19. Ree1 Nd5 20. Ke2 Nb4 21. Bxh7+ Kh8 22. Rxb4 Bxb4 23. Qb1 Qc7 24. cxb4 g6 25. Rh1 Qc4+ 26. Qd3 Qxd3+ 27. Kxd3 Rfd8 28. Bxg6+ Kg7 29. Be4 f5 30. Bb7 Rc7 31. Ba6 e5 32. Bc3 Rcd7 33. Bc4 exd4 34. Bb2 Rd6 35. Rh4 Kf6 36. Rxd4 Rxd4+ 37. Bxd4+ Kg5 38. Kc3 Kf4 39. Be6 Rf8 40. Bd5 Rc8+ 41. Kb3 Rc7 42. a4 Rd7 43. Kc4 Rc7+ 44. Kb5 Rd7 45. Kc6 Rh7 46. Be3+ Ke5 47. f4+ Kf6 48. a5 bxa5 49. bxa5 Re7 50. Kd6 Rh7 51. a6 1-0

[Event "SVK-ch Amateur"]
[Site "Topolcany"]
[Date "2020.07.10"]
[Round "2"]
[White "Holly, Andrej"]
[Black "Viczencz, Peter"]
[Result "1/2-1/2"]
[WhiteElo "2009"]
[BlackElo "2153"]
[PlyCount "100"]
[EventDate "2020.07.10"]
[EventType "swiss"]
[EventRounds "7"]
[EventCountry "SVK"]
[SourceTitle "EXT 2021"]
[Source "ChessBase"]
[SourceDate "2020.10.23"]
[SourceVersion "1"]
[SourceVersionDate "2020.10.23"]
[SourceQuality "1"]

1. c4 e5 2. g3 Nf6 3. Bg2 d5 4. cxd5 Nxd5 5. Nc3 Nb6 6. Nf3 Nc6 7. 0-0 Be7 8. a3 0-0 9. b4 Be6 10. Rb1 a5 11. b5 Nd4 12. e3 Nxf3+ 13. Bxf3 Bf5 14. e4 Be6 15. d3 a4 16. Bb2 Bb3 17. Qe2 f6 18. Qe3 Bc2 19. Rbc1 Qxd3 20. Qxd3 Bxd3 21. Rfd1 Bc4 22. Nd5 Bxd5 23. exd5 Bd6 24. Rd2 f5 25. Bd1 Rad8 26. Bf3 Rf7 27. Be2 Rfd7 28. Bc4 e4 29. Ba2 Kh8 30. Kg2 Be7 31. Rdc2 Bg5 32. Rd1 f4 33. Be5 f3+ 34. Kh3 Rc8 35. Bd4 Re8 36. d6 Rxd6 37. Rxc7 Bf6 38. Bxf6 Rxf6 39. Re7 Rh6+ 40. Kg4 Rf8 41. Rxe4 Rxh2 42. Rf4 h5+ 43. Kg5 Rxf4 44. Kxf4 Rxf2 45. Rd8+ Kh7 46. Bb1+ g6 47. Bxg6+ Kg7 48. Bxh5 Nc4 49. Rd3 Ra2 50. Bxf3 Rxa3 1/2-1/2

[Event "SVK-ch Amateur"]
[Site "Topolcany"]
[Date "2020.07.10"]
[Round "1"]
[White "Viczencz, Peter"]
[Black "Juan Lepp, Jaime Boris"]
[Result "1-0"]
[WhiteElo "2153"]
[BlackElo "1853"]
[PlyCount "97"]
[EventDate "2020.07.10"]
[EventType "swiss"]
[EventRounds "7"]
[EventCountry "SVK"]
[SourceTitle "EXT 2021"]
[Source "ChessBase"]
[SourceDate "2020.10.23"]
[SourceVersion "1"]
[SourceVersionDate "2020.10.23"]
[SourceQuality "1"]

1. e4 e5 2. Nf3 d6 3. d4 Bg4 4. dxe5 Nd7 5. exd6 Bxd6 6. Bb5 Qe7 7. Bxd7+ Qxd7 8. 0-0 0-0-0 9. Nc3 Nf6 10. Bg5 Qe6 11. Qe2 h6 12. Bxf6 Qxf6 13. Qe3 Bf4 14. Qxa7 Bxf3 15. Qa8+ Kd7 16. Qa4+ Kc8 17. Qa8+ Kd7 18. Qxb7 Qh4 19. h3 Qg5 20. Qd5+ Kc8 21. Qa8+ Kd7 22. Qd5+ Kc8 23. Qxg5 hxg5 24. gxf3 Rxh3 25. Rfd1 Rdh8 26. Kf1 Rxf3 27. Ke2 g4 28. Rh1 Rfh3 29. Rxh3 gxh3 30. Nd5 h2 31. Rh1 Be5 32. b3 Rh4 33. f3 Rh6 34. a4 Kb7 35. Ne3 Rc6 36. Nc4 Rxc4 37. bxc4 Bf4 38. Kf2 Kb6 39. Kg2 Be5 40. Rd1 f6 41. Rd7 g5 42. Rd5 c6 43. Rxe5 fxe5 44. Kxh2 Ka5 45. Kg3 Kxa4 46. Kg4 Kb4 47. Kf5 Kxc4 48. Kxe5 Kc3 49. Kf6 1-0

[Event "SVK-chT1W 1920"]
[Site "Slovakia"]
[Date "2020.06.21"]
[Round "11.7"]
[White "Viczencz, Peter"]
[Black "Prochazka, Jaromir"]
[Result "0-1"]
[WhiteElo "2190"]
[BlackElo "1929"]
[PlyCount "84"]
[EventDate "2019.10.12"]
[EventType "team-tourn"]
[EventRounds "11"]
[EventCountry "SVK"]
[SourceTitle "EXT 2022"]
[Source "ChessBase"]
[SourceDate "2021.10.06"]
[SourceVersion "1"]
[SourceVersionDate "2021.10.06"]
[SourceQuality "1"]
[WhiteTeam "Komarno"]
[BlackTeam "Bratislava Lokomotiva"]
[WhiteTeamCountry "SVK"]
[BlackTeamCountry "SVK"]

1. e4 d6 2. d4 Nf6 3. Nc3 c6 4. Bd3 e5 5. dxe5 dxe5 6. Bg5 h6 7. Bh4 Bd6 8. Qf3 Bg4 9. Bxf6 Bxf3 10. Bxd8 Bxg2 11. Bh4 g5 12. Bg3 h5 13. h3 Bxh1 14. 0-0-0 Ke7 15. Bc4 f6 16. f3 Bc5 17. Nce2 Rd8 18. Bd3 Be3+ 19. Kb1 Na6 20. Be1 g4 21. Ng3 Bxg1 22. Nf5+ Kf8 23. Bh4 Bxf3 24. Rxg1 Nc5 25. Bxf6 Nxd3 26. Be7+ Kf7 27. hxg4 hxg4 28. Bxd8 Rxd8 29. cxd3 Rxd3 30. Nh6+ Ke6 31. Nxg4 Bxe4 32. Kc1 Bf5 33. Nf2 Rf3 34. Rd1 e4 35. Re1 Ke5 36. Kc2 Be6 37. a3 Bd5 38. Kd2 Rxf2+ 39. Kc3 Rf3+ 40. Kd2 Kd4 41. Re2 b5 42. b4 Bc4 0-1

[Event "SVK-chT2B 1920"]
[Site "Slovakia"]
[Date "2019.12.15"]
[Round "6.5"]
[White "Viczencz, Peter"]
[Black "Bencik, Pavol"]
[Result "1-0"]
[WhiteElo "2152"]
[BlackElo "1953"]
[PlyCount "92"]
[EventDate "2019.10.26"]
[EventType "team-tourn"]
[EventRounds "11"]
[EventCountry "SVK"]
[SourceTitle "CBM 194 Extra"]
[Source "ChessBase"]
[SourceDate "2020.03.31"]
[SourceVersion "1"]
[SourceVersionDate "2020.03.31"]
[SourceQuality "1"]
[WhiteTeam "Komarno II"]
[BlackTeam "Levice"]
[WhiteTeamCountry "SVK"]
[BlackTeamCountry "SVK"]

1. e4 e5 2. Nf3 Nc6 3. Bc4 Nf6 4. d4 exd4 5. 0-0 Be7 6. e5 Ne4 7. Re1 d5 8. Bb5 0-0 9. Bxc6 bxc6 10. Nxd4 Bh4 11. g3 c5 12. Nb3 Be7 13. f3 Ng5 14. Bxg5 Bxg5 15. Nxc5 d4 16. c3 Be3+ 17. Kg2 dxc3 18. Nd3 cxb2 19. Nxb2 Bd4 20. Qc2 Qd7 21. Nc3 Qh3+ 22. Kh1 Rb8 23. Rad1 c5 24. Nd3 Qh5 25. Rf1 c4 26. Nf4 Qxe5 27. Nce2 Rb2 28. Qxc4 Bb6 29. Rde1 Qa5 30. Nd5 Bf2 31. Rb1 Rxb1 32. Rxb1 Ba6 33. Ne7+ Kh8 34. Qxf7 Qd8 35. Qe6 Rf6 36. Qe5 Bb6 37. Nd5 Rd6 38. Nxb6 axb6 39. Re1 Bc4 40. Nf4 Bxa2 41. Qh5 Bg8 42. Re8 Rd1+ 43. Kg2 Qf6 44. Nd5 Qb2+ 45. Kh3 Qb5 46. Rxg8+ Kxg8 1-0

[Event "SVK-chT2B 1920"]
[Site "Slovakia"]
[Date "2019.11.17"]
[Round "4.6"]
[White "Viczencz, Peter"]
[Black "Huliak, Pavol"]
[Result "1-0"]
[WhiteElo "2090"]
[BlackElo "1833"]
[PlyCount "117"]
[EventDate "2019.10.26"]
[EventType "team-tourn"]
[EventRounds "11"]
[EventCountry "SVK"]
[SourceTitle "CBM 193 Extra"]
[Source "ChessBase"]
[SourceDate "2020.01.31"]
[SourceVersion "1"]
[SourceVersionDate "2020.01.31"]
[SourceQuality "1"]
[WhiteTeam "Komarno II"]
[BlackTeam "Prievidza"]
[WhiteTeamCountry "SVK"]
[BlackTeamCountry "SVK"]

1. e4 d5 2. exd5 Qxd5 3. Nc3 Qa5 4. d4 c6 5. Bd2 Qd8 6. Nf3 Bg4 7. Bc4 e6 8. Qe2 Nf6 9. 0-0-0 Nd5 10. h3 Bxf3 11. gxf3 Be7 12. Rhg1 g6 13. f4 Na6 14. Nxd5 cxd5 15. Bb5+ Kf8 16. f5 exf5 17. Bh6+ Kg8 18. Kb1 Bf6 19. Bxa6 bxa6 20. Qxa6 Qb6 21. Qxb6 axb6 22. Rge1 Bg7 23. Bf4 h6 24. Re7 Bf6 25. Rb7 Kg7 26. Rxb6 Rhe8 27. Bxh6+ Kxh6 28. Rxf6 Re7 29. Rd6 Ra5 30. Rc6 Rd7 31. Re1 Kg5 32. b3 Kf4 33. Rc3 g5 34. a4 g4 35. Kc1 Ra6 36. Kd2 Rh6 37. hxg4 fxg4 38. a5 Ra7 39. b4 Rh2 40. Re2 f5 41. Ra3 Rh3 42. Ree3 Rh2 43. Ke2 Rc7 44. c3 Rg7 45. c4 dxc4 46. a6 Ra7 47. b5 Rh6 48. Re5 Rb6 49. Ra4 g3 50. fxg3+ Kxg3 51. Rxf5 c3 52. Rc4 Kg4 53. Rd5 Re7+ 54. Kd3 Kf4 55. Kxc3 Re1 56. Kb4 Rb1+ 57. Ka5 Rb8 58. a7 Ra1+ 59. Ra4 1-0

[Event "EU-ch U16"]
[Site "Bratislava"]
[Date "2019.08.10"]
[Round "9"]
[White "Viczencz, Peter"]
[Black "Sanger, Jake M"]
[Result "1-0"]
[WhiteElo "2086"]
[BlackElo "1937"]
[PlyCount "71"]
[EventDate "2019.08.02"]
[EventType "swiss"]
[EventRounds "9"]
[EventCountry "SVK"]
[SourceTitle "CBM 191 Extra"]
[Source "ChessBase"]
[SourceDate "2019.09.30"]
[SourceVersion "1"]
[SourceVersionDate "2019.09.30"]
[SourceQuality "1"]

1. e3 e6 2. c4 d5 3. Nf3 Nf6 4. cxd5 exd5 5. d4 Be7 6. Bd3 0-0 7. 0-0 c6 8. Nbd2 Nbd7 9. Qc2 Re8 10. a3 Nf8 11. b4 a6 12. Bb2 Ne6 13. Bc3 g6 14. a4 Ng7 15. b5 cxb5 16. axb5 a5 17. Ne5 Bf5 18. f3 Bxd3 19. Qxd3 Bd6 20. Nb3 b6 21. Nd2 Nd7 22. Ng4 Qh4 23. e4 h5 24. Ne5 Nxe5 25. dxe5 Bc5+ 26. Kh1 d4 27. Bb2 Rxe5 28. Nb3 Rd8 29. Ra4 f5 30. Nxd4 Ne6 31. Qb3 Bxd4 32. Bxd4 Rxd4 33. Rxd4 Kg7 34. Rd7+ Kh6 35. Qc3 Qf6 36. Rd5 1-0

[Event "EU-ch U16"]
[Site "Bratislava"]
[Date "2019.08.07"]
[Round "6"]
[White "Hanzl, Tadeas"]
[Black "Viczencz, Peter"]
[Result "0-1"]
[WhiteElo "1691"]
[BlackElo "2086"]
[PlyCount "86"]
[EventDate "2019.08.02"]
[EventType "swiss"]
[EventRounds "9"]
[EventCountry "SVK"]
[SourceTitle "CBM 191 Extra"]
[Source "ChessBase"]
[SourceDate "2019.09.30"]
[SourceVersion "1"]
[SourceVersionDate "2019.09.30"]
[SourceQuality "1"]

1. e4 c5 2. c3 d5 3. exd5 Qxd5 4. d4 Nf6 5. Nf3 Bg4 6. Be2 e6 7. 0-0 Nc6 8. Be3 cxd4 9. Nxd4 Bxe2 10. Qxe2 Be7 11. Nb5 Qe5 12. Nd2 a6 13. Na3 Bxa3 14. Nc4 Qc7 15. Nxa3 0-0 16. c4 h6 17. Nc2 Rfd8 18. Rfd1 Ne5 19. b3 Neg4 20. g3 Nxe3 21. Nxe3 Ne4 22. Qc2 Ng5 23. Rxd8+ Rxd8 24. Rd1 Nf3+ 25. Kg2 Nd4 26. Qe4 Nc6 27. Rxd8+ Qxd8 28. a3 Qd7 29. b4 f5 30. Qc2 Ne5 31. b5 axb5 32. cxb5 Qxb5 33. Qc8+ Kf7 34. a4 Qc6+ 35. Qxc6 Nxc6 36. Nc4 Ke7 37. f4 Kd7 38. Kf2 Nd4 39. Ke3 Nb3 40. h4 Kc6 41. Ne5+ Kd5 42. Nf7 Nc5 43. a5 Nb3 0-1

[Event "EU-chT U18 "]
[Site "Pardubice"]
[Date "2019.07.14"]
[Round "4.3"]
[White "Rozen, Eytan"]
[Black "Viczencz, Peter"]
[Result "1-0"]
[WhiteElo "2260"]
[BlackElo "2014"]
[PlyCount "111"]
[EventDate "2019.07.11"]
[EventType "team-swiss"]
[EventRounds "7"]
[EventCountry "CZE"]
[SourceTitle "CBM 191 Extra"]
[Source "ChessBase"]
[SourceDate "2019.09.30"]
[SourceVersion "1"]
[SourceVersionDate "2019.09.30"]
[SourceQuality "1"]
[WhiteTeam "Israel Rehovot U18"]
[BlackTeam "Slovakia U18 II"]
[WhiteTeamCountry "ISR"]
[BlackTeamCountry "SVK"]

1. c4 e6 2. Nf3 Nf6 3. g3 d5 4. Bg2 Be7 5. d4 0-0 6. 0-0 h6 7. Nc3 dxc4 8. Ne5 c5 9. dxc5 Bxc5 10. Nxc4 Nc6 11. Bf4 Qe7 12. Bd6 Bxd6 13. Qxd6 Qxd6 14. Nxd6 Rb8 15. Rfd1 Rd8 16. Rac1 Kf8 17. Rd2 Ke7 18. Rcd1 Nd7 19. Ncb5 Nb6 20. Bxc6 bxc6 21. Nxa7 Bd7 22. Nxf7 Kxf7 23. Nxc6 Bxc6 24. Rxd8 Rb7 25. b3 Bd5 26. f3 Ke7 27. Rg8 Kf7 28. Rh8 Nd7 29. e4 Bc6 30. Rc8 Ne5 31. Kf2 Bd7 32. Rc5 Kf6 33. h3 Nf7 34. Rdc1 Rb6 35. Ke3 Ke7 36. e5 Nd8 37. R1c3 Nc6 38. a3 Ke8 39. a4 Ne7 40. a5 Ra6 41. R3c4 Nd5+ 42. Kd2 Ke7 43. f4 Kf7 44. Rd4 Ra7 45. b4 Be8 46. g4 Bd7 47. Rdxd5 exd5 48. f5 Ke7 49. Rxd5 Bc6 50. Rd6 Bg2 51. h4 Bh3 52. Rg6 Kf7 53. h5 Bf1 54. e6+ Ke8 55. f6 gxf6 56. Rg8+ 1-0

[Event "EU-chT U18 "]
[Site "Pardubice"]
[Date "2019.07.11"]
[Round "1.3"]
[White "Leisch, Lukas"]
[Black "Viczencz, Peter"]
[Result "1/2-1/2"]
[WhiteElo "2327"]
[BlackElo "2014"]
[PlyCount "106"]
[EventDate "2019.07.11"]
[EventType "team-swiss"]
[EventRounds "7"]
[EventCountry "CZE"]
[SourceTitle "CBM 191 Extra"]
[Source "ChessBase"]
[SourceDate "2019.09.30"]
[SourceVersion "1"]
[SourceVersionDate "2019.09.30"]
[SourceQuality "1"]
[WhiteTeam "Austria U18"]
[BlackTeam "Slovakia U18 II"]
[WhiteTeamCountry "AUT"]
[BlackTeamCountry "SVK"]

1. c4 e6 2. Nc3 d5 3. e3 Nf6 4. Nf3 dxc4 5. Bxc4 a6 6. a4 c5 7. 0-0 Bd6 8. Qe2 Qc7 9. d4 0-0 10. Rd1 b6 11. d5 exd5 12. Nxd5 Nxd5 13. Bxd5 Ra7 14. Ng5 h6 15. Nxf7 Rxf7 16. Bxf7+ Kxf7 17. Qh5+ Kf8 18. e4 Be5 19. Ra3 Qe7 20. Rf3+ Kg8 21. Bxh6 Rd7 22. Rxd7 Nxd7 23. Bg5 Nf6 24. Bxf6 Bxf6 25. Qd5+ Be6 26. Qa8+ Qd8 27. Qxd8+ Bxd8 28. Rd3 Bc7 29. b3 b5 30. axb5 axb5 31. g3 c4 32. bxc4 bxc4 33. Ra3 Be5 34. Kf1 Bb2 35. Ra8+ Kh7 36. Ke2 c3 37. Kd3 Bb3 38. Rc8 c2 39. Rxc2 Bxc2+ 40. Kxc2 Bd4 41. f3 Bg1 42. h3 Bh2 43. g4 Kg6 44. Kd3 Bf4 45. Kd4 Kf6 46. h4 Ke6 47. h5 Kf6 48. e5+ Bxe5+ 49. Ke4 Bc3 50. f4 Bb2 51. g5+ Ke6 52. f5+ Kf7 53. f6 gxf6 1/2-1/2

[Event "SVK-ch op"]
[Site "Ruzomberok"]
[Date "2019.07.06"]
[Round "8"]
[White "Viczencz, Peter"]
[Black "Vacek, Ondrej"]
[Result "1-0"]
[WhiteElo "2014"]
[BlackElo "2125"]
[PlyCount "127"]
[EventDate "2019.06.29"]
[EventType "swiss"]
[EventRounds "9"]
[EventCountry "SVK"]
[SourceTitle "CBM 191 Extra"]
[Source "ChessBase"]
[SourceDate "2019.09.30"]
[SourceVersion "1"]
[SourceVersionDate "2019.09.30"]
[SourceQuality "1"]

1. e4 c6 2. d4 d5 3. Nc3 dxe4 4. Nxe4 Bf5 5. Ng3 Bg6 6. h4 h6 7. Nf3 Nd7 8. h5 Bh7 9. Bd3 Bxd3 10. Qxd3 Ngf6 11. Bd2 e6 12. 0-0-0 Be7 13. Kb1 0-0 14. Ne2 Ng4 15. Rdf1 e5 16. Nh2 Nxh2 17. Rxh2 exd4 18. f4 Nc5 19. Qxd4 Qxd4 20. Nxd4 Rfd8 21. Be3 Ne4 22. g4 Rd7 23. c3 Rad8 24. Kc2 Bc5 25. g5 Bxd4 26. Bxd4 c5 27. Be3 Rd3 28. Re1 b6 29. gxh6 Ng3 30. hxg7 Nf5 31. Bc1 Kxg7 32. Re5 R3d5 33. Rg2+ Kf6 34. Rxd5 Rxd5 35. Rg5 Rd8 36. b4 c4 37. a4 Ke6 38. Rg1 Rh8 39. Re1+ Kd7 40. Re4 Nd6 41. Re5 f6 42. Rd5 Kc6 43. Rd4 Rxh5 44. b5+ Kc7 45. Ba3 Rh2+ 46. Kd1 Nf5 47. Rxc4+ Kd7 48. Re4 Ra2 49. Bf8 Rh2 50. c4 Rh1+ 51. Kd2 Rh2+ 52. Ke1 Rh1+ 53. Kf2 Rc1 54. Kf3 Rc3+ 55. Kg4 Ne3+ 56. Kh5 Nxc4 57. Kg6 Rg3+ 58. Kxf6 Ne3 59. Re7+ Kd8 60. Rxa7 Rf3 61. Bd6 Nc4 62. Be5 Re3 63. Ke6 Kc8 64. Rc7+ 1-0

[Event "SVK-ch op"]
[Site "Ruzomberok"]
[Date "2019.06.30"]
[Round "2"]
[White "Vojtek, Vladimir"]
[Black "Viczencz, Peter"]
[Result "1-0"]
[WhiteElo "2313"]
[BlackElo "2014"]
[PlyCount "65"]
[EventDate "2019.06.29"]
[EventType "swiss"]
[EventRounds "9"]
[EventCountry "SVK"]
[SourceTitle "CBM 191 Extra"]
[Source "ChessBase"]
[SourceDate "2019.09.30"]
[SourceVersion "1"]
[SourceVersionDate "2019.09.30"]
[SourceQuality "1"]

1. b4 e6 2. Bb2 Nf6 3. a3 c5 4. b5 d5 5. e3 a6 6. Nf3 axb5 7. Bxb5+ Bd7 8. Be2 c4 9. 0-0 Be7 10. Ne5 0-0 11. d3 b5 12. f4 Qb6 13. Bd4 Bc5 14. Bxc5 Qxc5 15. d4 Qd6 16. Bf3 Ra7 17. c3 Ne4 18. Bxe4 dxe4 19. Qc2 f5 20. g4 Na6 21. Kh1 Nc7 22. Rg1 Nd5 23. Rg3 Be8 24. Ra2 Nf6 25. Qd1 Nxg4 26. Nxg4 fxg4 27. Qxg4 Bg6 28. Qd1 Qd5 29. Rg5 Rf5 30. Rag2 Bh5 31. Qxh5 g6 32. Rxg6+ hxg6 33. Qxg6+ 1-0

[Event "SVK-ch U16"]
[Site "Liptovsky Mikulas"]
[Date "2019.04.29"]
[Round "8"]
[White "Viczencz, Peter"]
[Black "Turcan, Richard"]
[Result "1/2-1/2"]
[WhiteElo "2055"]
[BlackElo "2172"]
[PlyCount "118"]
[EventDate "2019.04.23"]
[EventType "swiss"]
[EventRounds "9"]
[EventCountry "SVK"]
[SourceTitle "CBM 190 Extra"]
[Source "ChessBase"]
[SourceDate "2019.07.15"]
[SourceVersion "1"]
[SourceVersionDate "2019.07.15"]
[SourceQuality "1"]

1. e4 c5 2. Nf3 d6 3. d4 cxd4 4. Nxd4 Nf6 5. Nc3 g6 6. Be3 Bg7 7. f3 0-0 8. Bc4 Nc6 9. Qd2 Bd7 10. 0-0-0 Rc8 11. Bb3 Ne5 12. Kb1 a6 13. h4 h5 14. g4 hxg4 15. h5 Nxh5 16. Rdg1 Rc5 17. Bh6 Kh7 18. Bxg7 Kxg7 19. f4 Nc4 20. Bxc4 Rxc4 21. f5 e5 22. Nde2 Rh8 23. b3 Rc8 24. Rxg4 Nf6 25. Rgg1 Qe7 26. Ng3 Rxh1 27. Rxh1 Rh8 28. Rxh8 Kxh8 29. Qh6+ Kg8 30. fxg6 fxg6 31. Qxg6+ Qg7 32. Qxg7+ Kxg7 33. Kc1 Kg6 34. Kd2 Kg5 35. Ke3 Kg4 36. Nf1 Bc6 37. a4 b6 38. Nd2 b5 39. axb5 axb5 40. b4 Kg3 41. Ne2+ Kg2 42. Nc3 Ng4+ 43. Ke2 Kg3 44. Nd5 Bxd5 45. exd5 Kf4 46. c4 Ne3 47. cxb5 Nxd5 48. Kd3 Nb6 49. Nc4 e4+ 50. Kd4 Nxc4 51. Kxc4 e3 52. b6 e2 53. b7 e1Q 54. b8Q Qe2+ 55. Kc3 Qe5+ 56. Kd3 Qd5+ 57. Kc3 Kf3 58. Qf8+ Ke2 59. Qe8+ Kf2 1/2-1/2

[Event "SVK-ch U16"]
[Site "Liptovsky Mikulas"]
[Date "2019.04.26"]
[Round "5"]
[White "Sandor, Martin"]
[Black "Viczencz, Peter"]
[Result "0-1"]
[WhiteElo "2015"]
[BlackElo "2055"]
[PlyCount "64"]
[EventDate "2019.04.23"]
[EventType "swiss"]
[EventRounds "9"]
[EventCountry "SVK"]
[SourceTitle "CBM 190 Extra"]
[Source "ChessBase"]
[SourceDate "2019.07.15"]
[SourceVersion "1"]
[SourceVersionDate "2019.07.15"]
[SourceQuality "1"]

1. e4 c5 2. Nf3 e6 3. d4 cxd4 4. Nxd4 a6 5. Nc3 Qc7 6. Bd3 Nf6 7. 0-0 d6 8. Be3 Nbd7 9. a4 b6 10. Qe2 Bb7 11. Rae1 Be7 12. f4 0-0 13. Bf2 g6 14. e5 dxe5 15. fxe5 Ne8 16. Be4 Ng7 17. Nb3 Rac8 18. Bxb7 Qxb7 19. Rd1 Rc7 20. Rd2 Bb4 21. Rfd1 Bxc3 22. bxc3 Nf5 23. g4 Ne7 24. Bh4 Nd5 25. Qg2 Rxc3 26. Bf6 N7xf6 27. exf6 Qc7 28. Rxd5 exd5 29. Qd2 Qe5 30. Nd4 Qe3+ 31. Qxe3 Rxe3 32. Nc6 Re4 0-1

[Event "SVK-ch U16"]
[Site "Liptovsky Mikulas"]
[Date "2019.04.24"]
[Round "2"]
[White "Viczencz, Peter"]
[Black "Haring, Filip"]
[Result "0-1"]
[WhiteElo "2055"]
[BlackElo "2309"]
[PlyCount "40"]
[EventDate "2019.04.23"]
[EventType "swiss"]
[EventRounds "9"]
[EventCountry "SVK"]
[SourceTitle "CBM 190 Extra"]
[Source "ChessBase"]
[SourceDate "2019.07.15"]
[SourceVersion "1"]
[SourceVersionDate "2019.07.15"]
[SourceQuality "1"]

1. e4 c5 2. Nf3 e6 3. d4 cxd4 4. Nxd4 a6 5. Nc3 Qc7 6. Bd3 Nf6 7. 0-0 d6 8. a4 b6 9. Qe2 Bb7 10. f4 Nbd7 11. Bd2 Be7 12. Rae1 0-0 13. e5 dxe5 14. fxe5 Ne8 15. Bf4 g6 16. Bh6 Ng7 17. Bc4 Bc5 18. Rf4 Nf5 19. Bxf8 Nxd4 20. Qg4 Nf3+ 0-1